Lenape States Quiz - Statistics

General Stats
  • This quiz has been taken 217 times
  • The average score is 6 of 6
Answers on the Map
Answers color-coded by a green-red scale on the quiz's map according to % correct below.
 
Answer Stats
State % Correct
New York
100%
New Jersey
99%
Connecticut
98%
Maryland
98%
Pennsylvania
98%
Delaware
97%
No matching quizzes found
Score Distribution
Percent of People with Each Score
Percentile by Number Answered
Your Score History
You have not taken this quiz